How many stars are on their flag? - Statistics

General Stats
  • This quiz has been taken 31 times
  • The average score is 23 of 25
Answer Stats
Country Number of stars % Correct
St. Kitts and Nevis 2
100%
China 5
100%
United States 50
100%
Cape Verde 10
95%
Syria 2
95%
Saõ Tomé and Principé 2
95%
Burundi 3
95%
Micronesia 4
95%
Comoros 4
95%
Singapore 5
95%
Turkmenistan 5
95%
Tajikistan 7
95%
Uzbekistan 12
90%
Panama 2
90%
New Zealand 4
90%
Papua New Guinea 5
90%
Samoa 5
90%
Solomon Islands 5
90%
Honduras 5
90%
Australia 6
90%
Kosovo 6
90%
Venezuela 8
90%
Tuvalu 9
90%
Bosnia and Herzegovina 9
86%
Grenada 6
76%
No matching quizzes found
Score Distribution
Percent of People with Each Score
Percentile by Number Answered
Your Score History
You have not taken this quiz